Cost analysis (Record no. 80792)

MARC details
000 -LEADER
fixed length control field 01195cab a22002535a 4500
001 - CONTROL NUMBER
control field L145354
008 - FIXED-LENGTH DATA ELEMENTS--GENERAL INFORMATION
fixed length control field 080916e20080912xxkadeof s 000 0 eng d
035 ## - SYSTEM CONTROL NUMBER
System control number (Sirsi) u145354
041 0# - LANGUAGE CODE
Language code of text/sound track or separate title eng
100 1# - MAIN ENTRY--PERSONAL NAME
Personal name Lockie, Sean
245 00 - TITLE STATEMENT
Title Cost analysis
Remainder of title sustainable schools
260 ## - PUBLICATION, DISTRIBUTION, ETC.
Date of publication, distribution, etc. 2008
490 ## - SERIES STATEMENT
Series statement Building
Volume/sequential designation 273(8546) 12 September 2008, 68-72(5)
520 ## - SUMMARY, ETC.
Summary, etc. The fifth in a series of six articles on school developments (see other articles under references L145210, L145344, L145345, L145349, L145360). Presents cost analysis for building schools able to meet the BRE Environmental Assessment Method standards and the government's target of reducing carbon emission to zero in schools by 2016. Develops costs of technologies and methods used to reach these targets.
590 ## - LOCAL NOTE (RLIN)
Local note KA
651 #4 - SUBJECT ADDED ENTRY--GEOGRAPHIC NAME
Geographic name United Kingdom
Chronological subdivision
690 ## - LOCAL SUBJECT ADDED ENTRY--TOPICAL TERM (OCLC, RLIN)
Topical term or geographic name as entry element BUILT ENVIRONMENT-BUILDING TYPES-EDUCATIONAL, INFORMATION AND SCIENTIFIC FACILITIES
690 ## - LOCAL SUBJECT ADDED ENTRY--TOPICAL TERM (OCLC, RLIN)
Topical term or geographic name as entry element BUILT ENVIRONMENT-SUSTAINABLE CONSTRUCTION
690 ## - LOCAL SUBJECT ADDED ENTRY--TOPICAL TERM (OCLC, RLIN)
Topical term or geographic name as entry element BUILT ENVIRONMENT-BUILDING COSTS
690 ## - LOCAL SUBJECT ADDED ENTRY--TOPICAL TERM (OCLC, RLIN)
Topical term or geographic name as entry element ENVIRONMENTAL AND LAND CONSULTANCY-ENERGY-ENERGY USE-ENERGY EFFICIENCY
700 1# - ADDED ENTRY--PERSONAL NAME
Personal name Butterss, Ian
700 1# - ADDED ENTRY--PERSONAL NAME
Personal name Surgenor, Anna
942 ## - ADDED ENTRY ELEMENTS (KOHA)
Suppress in OPAC 0
Holdings
Withdrawn status Lost status Source of classification or shelving scheme Damaged status Not for loan Home library Current library Shelving location Date acquired Total Checkouts Full call number Barcode Date last seen Copy number Price effective from Koha item type
    Dewey Decimal Classification     London London Journal article 01/10/2008   L145354 145354-1001 06/08/2019 1 06/08/2019 Journal article